• 首页
  • 本馆介绍
  • 公告通知
  • 最新文献
  • 馆藏检索
  • 电子资源
  • 读者导购
  • 参考咨询
  • 我的图书馆
  • 登录
  • 详细信息显示
  • 放入我的书架
  • 预约/预借图书
  • 作者相关作品
  • 分类相关作品
  • 丛书相关作品
  • 出版社相关作品

书目信息

  • 表格格式
  • 工作单格式
  • 卡片格式
题名:
复制生命—人类与克隆
    
 
作者: 代天宇
分册:  
出版信息: 北京   科学普及出版社  1999
页数: 360
开本: 20cm
丛书名: 科普热点丛书
单 册:
中图分类: Q785
科图分类:
主题词: 遗传工程
电子资源:
ISBN: 7-110-04587-0
000 00601nam0 2200205 450
001 0729297901
005 20071003080817.90
010    @a7-110-04587-0@d¥21.00
100    @a20071003d km y0chiy0120 ea
101 0  @achi
200 1  @a复制生命—人类与克隆@Afu zhi sheng ming—ren lei yu ke long@f代天宇@Fdai tian yu
210    @a北京@c科学普及出版社@d1999
215    @a360@d20cm
225 2  @a科普热点丛书
410  0 @12001 @a科普热点丛书
606 0  @a遗传工程
690    @aQ785@v4
701  0 @a代天宇@Adai tian yu
801  0 @aCN@b大连网信软件有限公司图书馆·11@c20071003
905    @a213230@dQ785@eM1
    
    复制生命—人类与克隆/代天宇.-北京:科学普及出版社,1999
    360;20cm.-(科普热点丛书)
    
    
    ISBN 7-110-04587-0:¥21.00
    
●
相关链接 在E读中查询图书 在五车中查询图书 在当当中查询图书 在豆瓣中查询图书


正题名:复制生命—人类与克隆     索取号:Q785/M1         预约/预借

序号 登录号 条形码 馆藏地/架位号 状态 备注
1 6401072   264010723   密集书库-美术系/ [索取号:Q785/M1] 在馆    
唐山师范学院图书馆 欢迎您!
大连网信软件有限公司© 版权所有